Fauna zonation and assemblages in the pacific colombian mangroves (Registro nro. 12351)

Detalles MARC
000 -CABECERA
Campo de control 006340000a22001930004500
090 ## - CLASIFICACIÓN LOCAL
Colección AR
Consecutivo 03300
041 0# - IDIOMA
Código de idioma para texto/pista de sonido o título separado
100 1# - ASIENTO PRINCIPAL--NOMBRE PERSONAL
Nombre personal Cantera K., Jaime
245 10 - MENCION DE TITULO
Título Fauna zonation and assemblages in the pacific colombian mangroves
650 14 - ASIENTO SECUNDARIO DE MATERIA - TERMINO TEMATICO
Término temático o nombre geográfico como elemento de entrada Ecosistemas costeros
650 14 - ASIENTO SECUNDARIO DE MATERIA - TERMINO TEMATICO
Término temático o nombre geográfico como elemento de entrada Manglares
650 14 - ASIENTO SECUNDARIO DE MATERIA - TERMINO TEMATICO
Término temático o nombre geográfico como elemento de entrada Fauna asociada
650 14 - ASIENTO SECUNDARIO DE MATERIA - TERMINO TEMATICO
Término temático o nombre geográfico como elemento de entrada Fisiografía
651 #4 - ASIENTO SECUNDARIO DE MATERIA - NOMBRE GEOGRAFICO
-- Bahía de Buenaventura, Bahía de Malaga
-- Valle del Cauca
-- Colombia
700 1# - ASIENTO SECUNDARIO - NOMBRE PERSONAL
Nombre personal Thomassin, Bernard A.
700 1# - ASIENTO SECUNDARIO - NOMBRE PERSONAL
Nombre personal Arnaud, Patrick M.
773 1# - Item fuente:
Título Hydrobiologia
Especificación de materiales 893
Paginas del Articulo 17-33
Lugar, editorial y fecha de publicación 1999
Información sobre la relación 413
942 ## - ELEMENTOS ADICIONALES (KOHA)
Tipo de ítem Artículo
Existencias
Withdrawn status Lost status Damaged status No para préstamo Colección Ubicación Permanente Ubicación actual Fecha de adquisición Fuente de Valor Datos de publicación Seriada Total Checkouts Número topográfico Inventario / Código de Barras Date last seen Ejemplar Price effective from Forma de adquisición Tipo de material
      No para Préstamo Hemeroteca Bogotá Bogotá 27/02/2015 Revista de la Academia Colombiana de Ciencias Exactas, Fisicas y Na Fuera de circulación   AR 03300 013761 25/03/2015 1 25/03/2015   Artículo